Historia del análisis económico (Registro nro. 3306)
[ vista simple ]
| 000 -LEADER | |
|---|---|
| fixed length control field | 02096 a2200241 4500 |
| 001 - CONTROL NUMBER | |
| control field | 40778 |
| 005 - DATE AND TIME OF LATEST TRANSACTION | |
| control field | 20260407155703.0 |
| 008 - FIXED-LENGTH DATA ELEMENTS--GENERAL INFORMATION | |
| fixed length control field | 260407a1971 arg spa d |
| 003 - CONTROL NUMBER IDENTIFIER | |
| control field | AR-UNSa-BCEJYS |
| 040 ## - CATALOGING SOURCE | |
| Original cataloging agency | AR-UNSa-BCEJYS |
| Language of cataloging | spa |
| Transcribing agency | AR-UNSa-BCEJYS |
| 080 ## - UNIVERSAL DECIMAL CLASSIFICATION NUMBER | |
| Universal Decimal Classification number | 330.8 |
| Common auxiliary subdivision | Historia de las teorías, Doctrinas, Dogmas económicos (pensamiento económico) |
| 041 ## - LANGUAGE CODE | |
| Language code of text/sound track or separate title | spa |
| 100 1# - MAIN ENTRY--PERSONAL NAME | |
| Personal name | Schumpeter, Joseph A. |
| 245 10 - TITLE STATEMENT | |
| Title | Historia del análisis económico |
| 264 #1 - PRODUCTION, PUBLICATION, DISTRIBUTION, MANUFACTURE, AND COPYRIGHT NOTICE | |
| Place of production, publication, distribution, manufacture | México : |
| Name of producer, publisher, distributor, manufacturer | Fondo de Cultura Económica |
| Date of production, publication, distribution, manufacture, or copyright notice | 1971 |
| 300 ## - PHYSICAL DESCRIPTION | |
| Extent | 810 p. |
| Dimensions | 24 cm. |
| 505 ## - FORMATTED CONTENTS NOTE | |
| Formatted contents note | Vol. I: Parte Primera: Introducción. Campo de investigación y método: 1. Introducción y plan de obra - 2. Interludio I. Las técnicas del análisis económico - 3. Interludio II. Desarrollos contemporáneos en otras ciencias - 4. La sociología de la economía -- Parte segunda: Desde los principios hasta la primera situación clásica (aproximadamente hasta 1790): 1. La economía grecorromana - 2. Los doctores de la escolástica y los filósofos del derecho natural - 3. Consejeros políticos y ensayistas - 4. Los econometristas y Turgot - 5. Población, rendimientos, salarios y ocupación - 6. Valor y dinero - 7. La literatura "mercantilista" -- Parte tercera: De 1790 a 1870: 1. Introducción y plan - 2. Antecedentes sociopolíticos - 3. El escenario intelectual - 4. Revista de tropas - 5. Economía general: sección transversal - 6. Economía política general: Teoría pura - 7. Moneda, crédito y ciclos -- Vol. II: Parte Cuarta: Del año 1870 al año 1914: 1. Introducción y plan - 2. Trasfondo y modelos - 3. Algunos de los progresos registrados en las ciencias relacionadas con la economía - 4. La política social y el método histórico - 5. La economía general del período: hombres y grupo - 6. Economía general: su carácter y contenido - 7. Análisis del equilibrio -- Parte Quinta: Conclusión. Esbozo del desarrollo en nuestra época |
| 590 ## - LOCAL NOTE (RLIN) | |
| Local note | niveau_biblio:m niveau_hierar:0 |
| 700 1# - ADDED ENTRY--PERSONAL NAME | |
| Personal name | Schumpeter, Elizabeth Boody |
| 700 1# - ADDED ENTRY--PERSONAL NAME | |
| Personal name | Mantilla, Lucas |
| 700 1# - ADDED ENTRY--PERSONAL NAME | |
| Personal name | Villegas, Carlos |
| 942 ## - ADDED ENTRY ELEMENTS (KOHA) | |
| Koha item type | |
| Withdrawn status | Lost status | Damaged status | Not for loan | Home library | Current library | Shelving location | Date acquired | Total checkouts | Full call number | Barcode | Date last seen | Price effective from | Koha item type |
|---|---|---|---|---|---|---|---|---|---|---|---|---|---|
| Biblioteca Prof. Eusebio Cleto del Rey | Biblioteca Prof. Eusebio Cleto del Rey | 07/04/2026 | 330.8 S392h v.1 | L26679 | 07/04/2026 | 07/04/2026 | Libro | ||||||
| Biblioteca Prof. Eusebio Cleto del Rey | Biblioteca Prof. Eusebio Cleto del Rey | 07/04/2026 | 330.8 S392h v.1 | L26677 | 07/04/2026 | 07/04/2026 | Libro | ||||||
| Biblioteca Prof. Eusebio Cleto del Rey | Biblioteca Prof. Eusebio Cleto del Rey | 07/04/2026 | 330.8 S392h v.2 | L26680 | 07/04/2026 | 07/04/2026 | Libro | ||||||
| Biblioteca Prof. Eusebio Cleto del Rey | Biblioteca Prof. Eusebio Cleto del Rey | 07/04/2026 | 330.8 S392h v.2 | L26678 | 07/04/2026 | 07/04/2026 | Libro | ||||||
| Biblioteca Prof. Eusebio Cleto del Rey | Biblioteca Prof. Eusebio Cleto del Rey | 07/04/2026 | 330.8 S392h v.2 | L126997 | 07/04/2026 | 07/04/2026 | Libro |